000 01065nam a2200265Ia 4500
999 _c4213
_d4213
003 OSt
005 20200505120655.0
008 191128s2011 ck a gr 000 0 und d
040 _aCO-JMCR
_cCO-JMCR
041 0 _aspa
082 0 4 _a306.0898 /
_bM533m
110 1 _aEncuentro Internacional de Culturas Andinas
_93932
245 1 0 _aMemorias /
_cSegundo Encuentro Internacional de Culturas Andinas ; fotografías Luis Ponce, Eric Bauer, Yuri René Rosero.
260 _aPasto :
_bGobernación del Nariño,
_c2011
300 _a240 páginas :
_bilustraciones ;
_c 22 cm + 1 CD.
505 _aSaberes ancestralesy medicina tradicional indígena --Biodiversidad -- -- Patrimonio cultural
650 1 4 _aCultura
_xPaíses Andinos
_93933
650 2 4 _aCongresos
_xConferencias Cultura popular
_93934
650 2 4 _aPaíses Andinos
_xCongresos,
_93935
650 2 4 _aConferencias
_xTurismo cultural
_93936
700 1 _aPonce, Luis,
_efotógrafo
_93937
700 1 _aBauer, Eric,
_efotógrafo
_93938
700 1 _aRené Rosero, Yuri,
_efotógrafa
_93939
942 _2ddc
_cBK